Liczby 1-10 po hiszpańsku - Statystyki

Ogólne statystyki
  • Ten quiz został rozwiązany 31 razy
  • Średni wynik to 7 z 10
Statystyki odpowiedzi
Polski Hiszpański % Poprawnych
Dwa Dos
100%
Trzy Tres
100%
Jeden Uno
100%
Osiem Ocho
66%
Siedem Siete
62%
Pięć Cinco
59%
Dziesięć Diez
55%
Dziewięć Nueve
55%
Cztery Cuatro
52%
Sześć Seis
52%
Nie znaleziono quizów pasujących do podanych kryteriów
Rozkład punktacji
Procent ludzi z każdym wynikiem
Percentyl według liczby udzielonych odpowiedzi
Twoja historia wyników
Nie rozwiązałeś tego quizu